Laplace transforms (Record no. 142483)

MARC details
000 -LEADER
fixed length control field 00342nam a2200145Ia 4500
008 - FIXED-LENGTH DATA ELEMENTS--GENERAL INFORMATION
fixed length control field 230917s9999||||xx |||||||||||||| ||und||
040 ## - CATALOGING SOURCE
-- 120567
Original cataloging agency VIVEKANANDA LIBRARY
041 ## - Language
-- English
082 ## - DDC NUMBER
Classification number 515.723 A67L
100 ## - MAIN ENTRY--PERSONAL NAME
Personal name Anand, S K
245 #0 - TITLE STATEMENT
Title Laplace transforms
260 ## - PUBLICATION, DISTRIBUTION, ETC. (IMPRINT)
Place of publication, distribution, etc New Delhi
Name of publisher, distributor, etc Sarup & Sons
Date of publication, distribution, etc 2008
300 ## - PHYSICAL DESCRIPTION
Pages 162 p.
942 ## - ADDED ENTRY ELEMENTS (KOHA)
Koha item type Books
Holdings
Withdrawn status Lost status Damaged status Not for loan Location (home branch) Sublocation or collection (holding branch) Date acquired Koha issues (times borrowed) Koha full call number Accession No. Koha date last seen Koha item type
        VIVEKANANDA LIBRARY VIVEKANANDA LIBRARY 07/01/2009   515.723 A67L 252527 17/09/2023 Books
        VIVEKANANDA LIBRARY VIVEKANANDA LIBRARY 07/01/2009   515.723 A67L 252528 17/09/2023 Books
        VIVEKANANDA LIBRARY VIVEKANANDA LIBRARY 07/01/2009   515.723 A67L 252529 17/09/2023 Books
        VIVEKANANDA LIBRARY VIVEKANANDA LIBRARY 07/01/2009   515.723 A67L 252530 17/09/2023 Books
        VIVEKANANDA LIBRARY VIVEKANANDA LIBRARY 07/01/2009   515.723 A67L 252531 17/09/2023 Books
        VIVEKANANDA LIBRARY VIVEKANANDA LIBRARY 07/01/2009   515.723 A67L 252532 17/09/2023 Books
        VIVEKANANDA LIBRARY VIVEKANANDA LIBRARY 07/01/2009   515.723 A67L 252533 17/09/2023 Books
        VIVEKANANDA LIBRARY VIVEKANANDA LIBRARY 07/01/2009   515.723 A67L 252534 17/09/2023 Books
        VIVEKANANDA LIBRARY VIVEKANANDA LIBRARY 07/01/2009   515.723 A67L 252535 17/09/2023 Books
        VIVEKANANDA LIBRARY VIVEKANANDA LIBRARY 07/01/2009   515.723 A67L 252536 17/09/2023 Books
© Designed and Maintained by Vivekananda Library, MDU Rohtak